| 000 | 00514nam a2200181Ia 4500 | ||
|---|---|---|---|
| 003 | OSt | ||
| 005 | 20260325101445.0 | ||
| 008 | 211028s2006 xx 000 0 und d | ||
| 040 | _cAIMIT LIBRARY | ||
| 041 | _aeng | ||
| 082 | _a658.15 MORD | ||
| 100 |
_aMoras, Don Anup;Pinto Prakash. _g40911088 _95545 |
||
| 245 | _aPerformance evaluation of Indian mutual fund schemes; diversified equity funds / | ||
| 260 |
_bPinto Prakash _c2006 |
||
| 600 |
_aFinance _95546 |
||
| 650 |
_aFinance _95547 |
||
| 942 |
_2ddc _cPRO |
||
| 999 |
_c217940 _d217940 |
||